Logo BPK

Biblioteka

Politechniki Koszalińskiej

Weiter Leben : (Rekord nr 50580)

Szczegóły MARC
000 -ETYKIETA REKORDU
podpole kontrolne o stałej długości 00536nam a2200217 i 4500
001 - NUMER KONTROLNY REKORDU
pole kontrolne bgj
020 ## - MIĘDZYNARODOWY ZNORMALIZOWANY NUMER KSIĄŻKI - ISBN
ISBN 3892440360
040 ## - ŹRÓDŁO KATALOGOWANIA
Instytucja, która utworzyła rekord BPK
041 0# - KOD JĘZYKA
Kod języka tekstu ger
044 ## - KOD KRAJU WYDAWCY/PRODUCENTA
Kod kraju wydawcy/producenta DEU
080 ## - UNIWERSALNA KLASYFIKACJA DZIESIĘTNA - UKD
UKD 94(4)
920 ## - Międzynarodowy znormalizowany numer książki – ISBN
ISBN 3-89244-036-0
008 - POLE O STAŁEJ DŁUGOŚCI - DANE KONTROLNE
podpole kontrolne o stałej długości s gw f |000 0 ger
100 1# - NAZWA OSOBOWA
Nazwa osobowa KLÜGER, Ruth.
245 10 - TYTUŁ/ODPOWIEDZIALNOŚĆ
Tytuł Weiter Leben :
Ciąg dalszy tytułu eine Jugend /
Pozostałe elementy strefy tytułu i oznaczenia odpowiedzialności Ruth Klüger.
260 ## - STREFA ADRESU WYDAWNICZEGO
Miejsce wydania Göttingen :
Nazwa wydawcy/dystrybutora Wallstein Verlag,
Data publikacji, dystrybucji/powstania dokumentu 1992.
300 ## - STREFA OPISU FIZYCZNEGO
Objętość 285 s. ;
Rozmiary 19 cm.
600 1# - HASŁO PRZEDMIOTOWE W FORMIE NAZWY OSOBOWEJ
Nazwa osobowa KLÜGER, Ruth
Określnik ogólny biografia
651 9# - HASŁO PRZEDMIOTOWE W FORMIE NAZWY GEOGRAFICZNEJ
Nazwa geograficzna Europa
Określnik ogólny historia
856 ## - LOKALIZACJA I DOSTĘP DO ELEKTRONICZNYCH DOKUMENTÓW ZDALNYCH
Link (URL) http://koha.tu.koszalin.pl/cgi-bin/koha/opac-detail.pl?biblionumber=50580
Tekst linku Katalog online BPK
942 ## - DODATKOWE ELEMENTY (KOHA)
Typ dokumentu Książka
Egzemplarze
Wycofany Status egzemplarza Uszkodzony Dostępność Lokalizacja stała Lokalizacja bieżąca Miejsce przechowywania Sygnatura Kod kreskowy Typ dokumentu
      Dostępny Biblioteka Politechniki Koszalińskiej Biblioteka Politechniki Koszalińskiej Wypożyczalnia Językowa N 564 02435978 Książka
© 2023 Biblioteka Politechniki Koszalińskiej :: KOHA